|
|
|
|
| LEADER |
00000nab a2200000 a 4500 |
| 001 |
vtls010736207 |
| 003 |
SK-MaSNL |
| 005 |
20260304190854.0 |
| 008 |
250709s1993 xo |||||||||||||||||slo| |
| 035 |
|
|
|a (urnnbn)urn:nbn:sk:snk:ar-a05igk
|
| 035 |
|
|
|a (uuid)952ff21a-6a21-42a6-bb06-d8502d85e69e
|
| 035 |
|
|
|a urn:nbn:sk:snk-ab3xnw
|
| 040 |
|
|
|a SNKBUCL
|b slo
|c SNKBUCL
|e AACR2
|
| 041 |
0 |
|
|a eng
|
| 044 |
|
|
|a xo
|c SK
|
| 100 |
1 |
|
|a Filípek, J.
|4 aut
|9 1143263
|
| 245 |
1 |
0 |
|a Effect of Lipid Autoperoxidation on the Activity of the Sarcoplasmic Reticulum (Ca2+-Mg2+)ATPase Reconstituted into Egg Yolk Phosphatidylcholine Bilayers
|c J. Filípek, K. Gelienová, P. Kovács, P. Balgavý
|
| 700 |
1 |
|
|a Gelienová, K.
|4 aut
|9 1382744
|
| 700 |
1 |
|
|a Kovács, Peter,
|d 1931-2022
|4 aut
|9 224002
|
| 700 |
1 |
|
|a Balgavý, Pavol,
|d 1944-
|4 aut
|9 224307
|
| 773 |
0 |
|
|t General physiology and biophysics : an international journal
|g Roč. 12, č. 1 (1993), s. 55-68
|
| 850 |
|
|
|a Slovenská národná knižnica
|
| 852 |
|
|
|a Slovenská národná knižnica
|
| 958 |
|
|
|a article1
|
| 958 |
|
|
|a OND
|
| 958 |
|
|
|a EUIPO
|
| 999 |
|
|
|c 3051667
|d 3053597
|